<?xml version="1.0" encoding="UTF-8"?>
<record
    xmlns:xsi="http://www.w3.org/2001/XMLSchema-instance"
    xsi:schemaLocation="http://www.loc.gov/MARC21/slim http://www.loc.gov/standards/marcxml/schema/MARC21slim.xsd"
    xmlns="http://www.loc.gov/MARC21/slim">

  <leader>01645nam a2200181Ia 4500</leader>
  <controlfield tag="008">151202s9999||||xx |||||||||||||| ||und||</controlfield>
  <datafield tag="082" ind1=" " ind2=" ">
    <subfield code="b">PNVM-74327</subfield>
  </datafield>
  <datafield tag="100" ind1=" " ind2=" ">
    <subfield code="a">&#x917;&#x94D;&#x930;&#x94D;&#x930;&#x940;&#x932;&#x94D;&#x938; &#x92C;&#x947;&#x905;&#x930;/&#x905;&#x928;&#x941;-&#x915;&#x93F;&#x923;&#x940;&#x915;&#x930; &#x905;&#x928;&#x93F;&#x932;-&#x92E;&#x940;&#x928;&#x93E;.</subfield>
  </datafield>
  <datafield tag="245" ind1=" " ind2=" ">
    <subfield code="a">&#x91A;&#x93F;&#x916;&#x932; &#x918;&#x93E;&#x92E; &#x906;&#x923;&#x93F; &#x905;&#x936;&#x94D;&#x930;&#x941; -&#x921;&#x93F;&#x938;&#x94D;&#x915;&#x935;&#x94D;&#x939;&#x930;&#x940; &#x91A;&#x945;&#x928;&#x932;&#x935;&#x930;&#x91A;&#x94D;&#x92F;&#x93E; MAN.VS.WILD &#x92F;&#x93E; &#x92E;&#x93E;&#x932;&#x93F;&#x915;&#x947;&#x91A;&#x93E; &#x928;&#x93E;&#x92F;&#x915; &#x92C;&#x947;&#x905;&#x930; &#x917;&#x94D;&#x930;&#x940;&#x932;&#x94D;&#x938; &#x92F;&#x93E;&#x91A;&#x902; &#x925;&#x930;&#x93E;&#x930;&#x915; &#x906;&#x924;&#x94D;&#x92E;&#x91A;&#x930;&#x93F;&#x924;&#x94D;&#x930; 24 &#x930;&#x902;&#x917;&#x940;&#x924; &#x91B;&#x93E;&#x92F;&#x93E;&#x91A;&#x93F;&#x924;&#x94D;&#x930;&#x947;.</subfield>
  </datafield>
  <datafield tag="260" ind1=" " ind2=" ">
    <subfield code="b">"&#x92E;&#x928;&#x94B;&#x935;&#x93F;&#x915;&#x93E;&#x938; &#x92A;&#x94D;&#x930;&#x915;&#x93E;&#x936;&#x928;,&#x928;&#x93E;&#x930;&#x93E;&#x92F;&#x923; &#x92A;&#x947;&#x920;, &#x92A;&#x941;&#x923;&#x947;30."</subfield>
  </datafield>
  <datafield tag="260" ind1=" " ind2=" ">
    <subfield code="c">74327</subfield>
  </datafield>
  <datafield tag="300" ind1=" " ind2=" ">
    <subfield code="a">408</subfield>
  </datafield>
  <datafield tag="600" ind1=" " ind2=" ">
    <subfield code="a">&#x917;&#x94D;&#x930;&#x94D;&#x930;&#x940;&#x932;&#x94D;&#x938; &#x92C;&#x947;&#x905;&#x930;/&#x905;&#x928;&#x941;-&#x915;&#x93F;&#x923;&#x940;&#x915;&#x930; &#x905;&#x928;&#x93F;&#x932;-&#x92E;&#x940;&#x928;&#x93E;.</subfield>
  </datafield>
  <datafield tag="630" ind1=" " ind2=" ">
    <subfield code="a">&#x91A;&#x93F;&#x916;&#x932; &#x918;&#x93E;&#x92E; &#x906;&#x923;&#x93F; &#x905;&#x936;&#x94D;&#x930;&#x941; -&#x921;&#x93F;&#x938;&#x94D;&#x915;&#x935;&#x94D;&#x939;&#x930;&#x940; &#x91A;&#x945;&#x928;&#x932;&#x935;&#x930;&#x91A;&#x94D;&#x92F;&#x93E; MAN.VS.WILD &#x92F;&#x93E; &#x92E;&#x93E;&#x932;&#x93F;&#x915;&#x947;&#x91A;&#x93E; &#x928;&#x93E;&#x92F;&#x915; &#x92C;&#x947;&#x905;&#x930; &#x917;&#x94D;&#x930;&#x940;&#x932;&#x94D;&#x938; &#x92F;&#x93E;&#x91A;&#x902; &#x925;&#x930;&#x93E;&#x930;&#x915; &#x906;&#x924;&#x94D;&#x92E;&#x91A;&#x930;&#x93F;&#x924;&#x94D;&#x930; 24 &#x930;&#x902;&#x917;&#x940;&#x924; &#x91B;&#x93E;&#x92F;&#x93E;&#x91A;&#x93F;&#x924;&#x94D;&#x930;&#x947;.</subfield>
  </datafield>
  <datafield tag="700" ind1=" " ind2=" ">
    <subfield code="a">&#x917;&#x94D;&#x930;&#x94D;&#x930;&#x940;&#x932;&#x94D;&#x938; &#x92C;&#x947;&#x905;&#x930;/&#x905;&#x928;&#x941;-&#x915;&#x93F;&#x923;&#x940;&#x915;&#x930; &#x905;&#x928;&#x93F;&#x932;-&#x92E;&#x940;&#x928;&#x93E;.</subfield>
  </datafield>
  <datafield tag="730" ind1=" " ind2=" ">
    <subfield code="a">&#x91A;&#x93F;&#x916;&#x932; &#x918;&#x93E;&#x92E; &#x906;&#x923;&#x93F; &#x905;&#x936;&#x94D;&#x930;&#x941; -&#x921;&#x93F;&#x938;&#x94D;&#x915;&#x935;&#x94D;&#x939;&#x930;&#x940; &#x91A;&#x945;&#x928;&#x932;&#x935;&#x930;&#x91A;&#x94D;&#x92F;&#x93E; MAN.VS.WILD &#x92F;&#x93E; &#x92E;&#x93E;&#x932;&#x93F;&#x915;&#x947;&#x91A;&#x93E; &#x928;&#x93E;&#x92F;&#x915; &#x92C;&#x947;&#x905;&#x930; &#x917;&#x94D;&#x930;&#x940;&#x932;&#x94D;&#x938; &#x92F;&#x93E;&#x91A;&#x902; &#x925;&#x930;&#x93E;&#x930;&#x915; &#x906;&#x924;&#x94D;&#x92E;&#x91A;&#x930;&#x93F;&#x924;&#x94D;&#x930; 24 &#x930;&#x902;&#x917;&#x940;&#x924; &#x91B;&#x93E;&#x92F;&#x93E;&#x91A;&#x93F;&#x924;&#x94D;&#x930;&#x947;.</subfield>
  </datafield>
  <datafield tag="942" ind1=" " ind2=" ">
    <subfield code="c">BOOK</subfield>
  </datafield>
  <datafield tag="999" ind1=" " ind2=" ">
    <subfield code="c">1340988</subfield>
    <subfield code="d">1340985</subfield>
  </datafield>
  <datafield tag="952" ind1=" " ind2=" ">
    <subfield code="0">0</subfield>
    <subfield code="1">0</subfield>
    <subfield code="4">0</subfield>
    <subfield code="7">0</subfield>
    <subfield code="a">PNVM</subfield>
    <subfield code="b">PNVM</subfield>
    <subfield code="d">2015-06-21</subfield>
    <subfield code="g">0.00</subfield>
    <subfield code="l">0</subfield>
    <subfield code="o">PNVM-74327</subfield>
    <subfield code="p">PNVM-74327</subfield>
    <subfield code="r">2015-12-02 00:00:00</subfield>
    <subfield code="v">0.00</subfield>
    <subfield code="w">2015-12-02</subfield>
    <subfield code="y">BOOK</subfield>
  </datafield>
</record>
